[Event "Navarra-chT Preferente"]
[Site "Navarra"]
[Date "2012.11.10"]
[Round "5.3"]
[White "Ramiro Ovejero, Juan Luis"]
[Black "Ramirez Parra, Diego"]
[Result "1-0"]
[WhiteElo "2365"]
[BlackElo "2079"]
[PlyCount "91"]
[EventDate "2012.10.13"]
[EventType "team"]
[EventRounds "7"]
[EventCountry "ESP"]
[SourceTitle "EXT 2014"]
[Source "ChessBase"]
[SourceDate "2013.11.20"]
[SourceVersion "1"]
[SourceVersionDate "2013.11.20"]
[SourceQuality "1"]
[WhiteTeam "San Juan"]
[BlackTeam "Santa Ana"]
[WhiteTeamCountry "ESP"]
[BlackTeamCountry "ESP"]

1. e4 c5 2. Nf3 d6 3. Bb5+ Nc6 4. d4 cxd4 5. Qxd4 Bd7 6. Bxc6 Bxc6 7. Nc3 Nf6 8. Bg5 e6 9. 0-0 Be7 10. Qd3 0-0 11. Nd4 a6 12. f4 Qc7 13. f5 e5 14. Nde2 b5 15. b4 Rac8 16. Rf3 Rfd8 17. Bxf6 Bxf6 18. Ng3 Bb7 19. Rd1 Bg5 20. a3 Qc4 21. Nge2 Rd7 22. Kf2 Bd8 23. Qxc4 Rxc4 24. Rfd3 Bc7 25. Kf3 h6 26. R1d2 a5 27. Nd5 axb4 28. axb4 Bxd5 29. Rxd5 Rxb4 30. Rxe5 dxe5 31. Rxd7 Bb6 32. Rd5 f6 33. Ng3 Bg1 34. Nh5 Rd4 35. Rxb5 Rd7 36. h3 Rc7 37. Rd5 Rc3+ 38. Kg4 Rxc2 39. Rd8+ Kf7 40. Rd7+ Kg8 41. Rxg7+ Kf8 42. Rg6 Rxg2+ 43. Kf3 Rxg6 44. fxg6 Bh2 45. Kg4 Ke7 46. Kf5 1-0

[Event "Navarra-chT Preferente"]
[Site "Navarra"]
[Date "2012.10.20"]
[Round "2.2"]
[White "Leranoz Zabalza, Adrian"]
[Black "Ramirez Parra, Diego"]
[Result "1-0"]
[WhiteElo "2068"]
[BlackElo "2079"]
[PlyCount "95"]
[EventDate "2012.10.13"]
[EventType "team"]
[EventRounds "7"]
[EventCountry "ESP"]
[SourceTitle "EXT 2014"]
[Source "ChessBase"]
[SourceDate "2013.11.20"]
[SourceVersion "1"]
[SourceVersionDate "2013.11.20"]
[SourceQuality "1"]
[WhiteTeam "Paz de Ziganda"]
[BlackTeam "Santa Ana"]
[WhiteTeamCountry "ESP"]
[BlackTeamCountry "ESP"]

1. Nc3 d5 2. e4 d4 3. Nce2 e5 4. Nf3 Nc6 5. Ng3 Nf6 6. Bb5 Bd6 7. 0-0 0-0 8. d3 Ne7 9. a4 Ng6 10. Bc4 Be7 11. Nf5 Ne8 12. c3 c5 13. cxd4 cxd4 14. Nxe7+ Qxe7 15. b3 Be6 16. Ba3 Nd6 17. Qd2 Rfd8 18. Rfc1 Rac8 19. Qa5 Bxc4 20. bxc4 b6 21. Qd2 Qd7 22. a5 f6 23. Rcb1 Rc6 24. Rb3 Rdc8 25. Rab1 bxa5 26. Qxa5 Nf4 27. Ne1 Ne2+ 28. Kf1 Nc3 29. Ra1 Qg4 30. f3 Qf4 31. g3 Qh6 32. h4 g5 33. Bc1 Qh5 34. Rxc3 dxc3 35. hxg5 fxg5 36. Qxe5 Nf7 37. Qxc3 a6 38. Bb2 Qg6 39. Ra5 h5 40. Ng2 Rb6 41. Ne3 Rcb8 42. Nf5 R8b7 43. Ba1 Kh7 44. c5 Rb1+ 45. Kg2 h4 46. Rxa6 Qg8 47. Qf6 Qf8 48. Qg6# 1-0